Sports Quiz

Random Sports or MLB Quiz

MLB: 200 Wins, No 20 Win Seasons Quiz Stats

 Plays Quiz not verified by Sporcle

Challenge
Share
Tweet
Embed
Score 0/9 Timer 04:00
0 Plays Today
Career Wins Answer % Correct
245Dennis Martinez
83%
200Tim Wakefield
78%
214Mark Buehrle
72.2%
219Kenny Rogers
66%
216Charlie Hough
61.6%
200Chuck Finley
60.8%
240Frank Tanana
60%
220Jerry Reuss
40.7%
209Milt Pappas
35.9%

You're not logged in!

Compare scores with friends on all Sporcle quizzes.
Join for Free
OR
Log In

You Might Also Like...

Show Comments

Extras

Created Apr 20, 2016ReportNominate
Tags:MLB Quiz, 200, benefit, career, primary, season, team, win

Top Quizzes Today


Score Distribution

Your Account Isn't Verified!

In order to create a playlist on Sporcle, you need to verify the email address you used during registration. Go to your Sporcle Settings to finish the process.

Report this User

Report this user for behavior that violates our Community Guidelines.

Details: